[Event "USA tt"]
[Site "ICC INT"]
[Date "2009.11.04"]
[Round "10"]
[White "Serper, Grigory"]
[Black "Van de Mortel, Jan"]
[Result "1-0"]
[WhiteElo "2522"]
[BlackElo "2412"]
[PlyCount "143"]
[EventDate "2009.08.31"]
[EventType "team (rapid)"]
[EventRounds "10"]
[EventCountry "USA"]
[SourceTitle "EXT 2010"]
[Source "ChessBase"]
[SourceDate "2010.11.25"]
[SourceVersion "1"]
[SourceVersionDate "2010.11.25"]
[SourceQuality "1"]

1. c4 Nf6 2. Nc3 g6 3. g3 Bg7 4. Bg2 0-0 5. e4 c5 6. Nge2 Nc6 7. 0-0 Ne8 8. a3 Nc7 9. Rb1 a5 10. d3 Ne6 11. Nd5 Ned4 12. Nxd4 Nxd4 13. Bg5 f6 14. Be3 e6 15. Nc3 f5 16. exf5 gxf5 17. b4 axb4 18. axb4 Ra3 19. Nb5 Nxb5 20. cxb5 cxb4 21. Bc5 Re8 22. Bxb4 Ra7 23. Bd6 b6 24. Qh5 Bb7 25. Bxb7 Rxb7 26. Rb4 e5 27. Rc1 Ra7 28. Rh4 h6 29. Qxf5 Re6 30. Rhc4 Ra8 31. Bb4 Qe8 32. Rc7 Rd8 33. h4 e4 34. dxe4 Re5 35. Qf3 Rxe4 36. Bc3 Bxc3 37. R1xc3 Re1+ 38. Kg2 Qe4 39. Qxe4 Rxe4 40. Rd3 Re5 41. Rdxd7 Rxd7 42. Rxd7 Rxb5 43. Rb7 Rb2 44. g4 b5 45. Kg3 b4 46. f3 b3 47. Kf4 Rh2 48. Kg3 Rb2 49. h5 Rb1 50. Kf4 b2 51. Kf5 Rf1 52. Rxb2 Rxf3+ 53. Kg6 Rf8 54. Kxh6 Rf6+ 55. Kg5 Ra6 56. Rb8+ Kh7 57. Rb7+ Kg8 58. h6 Kh8 59. Kh5 Ra1 60. g5 Ra5 61. Re7 Rb5 62. Kg6 Rb6+ 63. Kf5 Rb5+ 64. Re5 Rb1 65. Kf6 Rf1+ 66. Rf5 Ra1 67. g6 Ra6+ 68. Kg5 Ra8 69. h7 Kg7 70. Rf7+ Kh8 71. Kh6 Ra1 72. g7# 1-0

[Event "USA tt"]
[Site "ICC INT"]
[Date "2009.10.19"]
[Round "8"]
[White "Serper, Grigory"]
[Black "Andrews, Todd D"]
[Result "1-0"]
[WhiteElo "2522"]
[BlackElo "2337"]
[PlyCount "57"]
[EventDate "2009.08.31"]
[EventType "team (rapid)"]
[EventRounds "10"]
[EventCountry "USA"]
[SourceTitle "CBM 132 Extra"]
[Source "ChessBase"]
[SourceDate "2009.11.03"]
[SourceVersion "1"]
[SourceVersionDate "2009.11.03"]
[SourceQuality "1"]

1. c4 e5 2. g3 Nf6 3. Bg2 Nc6 4. Nc3 g6 5. e4 Bg7 6. Nge2 0-0 7. 0-0 d6 8. d3 Nd7 9. f4 exf4 10. Bxf4 Nde5 11. h3 a5 12. b3 g5 13. Be3 f5 14. d4 Ng6 15. exf5 Bxf5 16. Qd2 h6 17. Rf2 Qe7 18. Raf1 Rae8 19. Nd5 Qd7 20. Nxc7 Rc8 21. Nd5 Bxh3 22. Nb6 Qg4 23. Bxh3 Qxh3 24. Nxc8 Rxc8 25. Qd3 Nce7 26. Qe4 b5 27. g4 Rf8 28. Rxf8+ Bxf8 29. Rf3 1-0

[Event "USA tt"]
[Site "ICC INT"]
[Date "2009.08.31"]
[Round "1"]
[White "Friedel, Joshua E"]
[Black "Serper, Grigory"]
[Result "0-1"]
[WhiteElo "2547"]
[BlackElo "2522"]
[PlyCount "70"]
[EventDate "2009.08.31"]
[EventType "team (rapid)"]
[EventRounds "10"]
[EventCountry "USA"]
[SourceTitle "CBM 132 Extra"]
[Source "ChessBase"]
[SourceDate "2009.11.03"]
[SourceVersion "1"]
[SourceVersionDate "2009.11.03"]
[SourceQuality "1"]

1. e4 e6 2. d4 d5 3. Nc3 dxe4 4. Nxe4 Be7 5. Nf3 Nf6 6. Bd3 Nxe4 7. Bxe4 c5 8. 0-0 Nd7 9. c3 0-0 10. Bc2 Qc7 11. Re1 Rd8 12. Qd3 Nf8 13. Qe4 cxd4 14. Nxd4 Bd7 15. a4 a6 16. a5 Be8 17. h4 Rd5 18. Bb3 Rxa5 19. Rxa5 Qxa5 20. Qxb7 Qd8 21. h5 Bf6 22. Bf4 h6 23. Bc2 a5 24. Qe4 a4 25. Bd6 Ra5 26. Bxf8 Kxf8 27. Nxe6+ fxe6 28. Qh7 Re5 29. Rd1 Rd5 30. Re1 Qd6 31. Qh8+ Ke7 32. g4 Re5 33. Rd1 Rd5 34. Re1 Rd2 35. Bf5 Rd1 0-1

[Event "USA tt"]
[Site "ICC INT"]
[Date "2008.10.22"]
[Round "9"]
[White "Serper, Grigory"]
[Black "Ehlvest, Jaan"]
[Result "1/2-1/2"]
[WhiteElo "2522"]
[BlackElo "2603"]
[PlyCount "66"]
[EventDate "2008.10.22"]
[EventType "team"]
[EventRounds "10"]
[EventCountry "USA"]
[SourceTitle "CBM 126 Extra"]
[Source "ChessBase"]
[SourceDate "2008.11.05"]
[SourceVersion "1"]
[SourceVersionDate "2008.11.05"]
[SourceQuality "1"]

1. d4 Nf6 2. c4 g6 3. Nc3 d5 4. cxd5 Nxd5 5. e4 Nxc3 6. bxc3 Bg7 7. Be3 c5 8. Rc1 Qa5 9. Qd2 0-0 10. Nf3 Bg4 11. d5 Na6 12. Be2 c4 13. Bd4 Nc5 14. Bxg7 Kxg7 15. Bxc4 Nxe4 16. Qd4+ Nf6 17. Ne5 Qb6 18. Qxb6 axb6 19. f3 Bc8 20. Nd3 Ne8 21. Bb3 Nd6 22. c4 Bf5 23. Nf2 Rfc8 24. g4 Bd7 25. Kd2 Rc7 26. Rhe1 Kf8 27. Rc3 Rac8 28. Rec1 f5 29. g5 Nf7 30. h4 e5 31. dxe6 Bxe6 32. Nd3 Rd8 33. Ke3 Re7 1/2-1/2

[Event "Washington State-ch"]
[Site "Seattle"]
[Date "2008.02.17"]
[Round "7"]
[White "Sinanan, Joshua C"]
[Black "Serper, Grigory"]
[Result "0-1"]
[WhiteElo "2183"]
[BlackElo "2512"]
[PlyCount "76"]
[EventDate "2008.02.09"]
[EventType "tourn"]
[EventRounds "9"]
[EventCountry "USA"]
[SourceTitle "EXT 2017"]
[Source "ChessBase"]
[SourceDate "2016.10.25"]
[SourceVersion "1"]
[SourceVersionDate "2016.10.25"]
[SourceQuality "1"]

1. Nf3 d5 2. d4 Nf6 3. c4 c6 4. Nc3 e6 5. e3 Nbd7 6. Qc2 Bb4 7. a3 Ba5 8. Bd2 0-0 9. Bd3 h6 10. 0-0 Bc7 11. e4 dxc4 12. Bxc4 e5 13. d5 Nb6 14. Ba2 cxd5 15. exd5 Bg4 16. Qd3 Qd7 17. Rad1 Rfe8 18. Rfe1 e4 19. Nxe4 Rxe4 20. Rxe4 Bf5 21. Rde1 Nxe4 22. Rxe4 Rd8 23. d6 Bxd6 24. Qe2 Bxe4 25. Qxe4 Re8 26. Qg6 Bf4 27. Be1 Nd5 28. Qd3 Nf6 29. Qg6 Re2 30. Qb1 Qc7 31. g3 Bd6 32. Nd4 Re5 33. Nf5 Ne4 34. Ne3 Bc5 35. Ng4 Re7 36. Bd5 h5 37. Bxe4 hxg4 38. Bc3 Qb6 0-1

[Event "USA tt"]
[Site "ICC INT"]
[Date "2007.08.29"]
[Round "1"]
[White "Serper, Grigory"]
[Black "Christiansen, Larry Mark"]
[Result "1/2-1/2"]
[WhiteElo "2499"]
[BlackElo "2575"]
[PlyCount "107"]
[EventDate "2007.08.29"]
[EventType "team"]
[EventRounds "10"]
[EventCountry "USA"]
[SourceTitle "CBM 120 Extra"]
[Source "ChessBase"]
[SourceDate "2007.11.01"]
[SourceVersion "1"]
[SourceVersionDate "2007.11.01"]
[SourceQuality "1"]

1. d4 Nf6 2. c4 g6 3. Nc3 Bg7 4. e4 d6 5. Nge2 a6 6. Ng3 0-0 7. Be2 c5 8. d5 b5 9. cxb5 axb5 10. Bxb5 Qb6 11. 0-0 Ba6 12. a4 Nbd7 13. Rb1 Rfc8 14. Bd2 Bxb5 15. Nxb5 Qa6 16. b3 c4 17. bxc4 Qxa4 18. Rb4 Qxd1 19. Rxd1 Ne5 20. Bf4 Nfd7 21. Nd4 Rxc4 22. Rxc4 Nxc4 23. Nc6 Kf8 24. Bg5 f6 25. Bf4 Nc5 26. h4 h5 27. f3 Kf7 28. Nf1 Ne5 29. Nxe5+ fxe5 30. Be3 Nb3 31. Nd2 Nxd2 32. Rxd2 Bf6 33. Bg5 Ra1+ 34. Kh2 Rf1 35. Ra2 Bg7 36. Ra7 Bf6 37. Rb7 Rd1 38. Rb8 Rf1 39. Bh6 Bg7 40. Bg5 Bf6 41. Ra8 Bg7 42. Ra3 Bf6 43. Ra7 Rb1 44. Kg3 Rh1 45. Bxf6 Kxf6 46. Ra8 Kf7 47. Rh8 Kg7 48. Rb8 Kf7 49. Rb7 Kf6 50. Ra7 Kf7 51. Ra2 Kf6 52. Ra7 Kf7 53. Rb7 Kf6 54. Ra7 1/2-1/2

[Event "Las Vegas National op"]
[Site "Las Vegas"]
[Date "2007.06.10"]
[Round "5"]
[White "Becerra Rivero, Julio"]
[Black "Serper, Grigory"]
[Result "0-1"]
[WhiteElo "2544"]
[BlackElo "2507"]
[PlyCount "76"]
[EventDate "2007.06.08"]
[EventType "swiss"]
[EventRounds "6"]
[EventCountry "USA"]
[SourceTitle "CBM 118 Extra"]
[Source "ChessBase"]
[SourceDate "2007.07.04"]
[SourceVersion "1"]
[SourceVersionDate "2007.07.04"]
[SourceQuality "1"]

1. e4 c5 2. Nf3 e6 3. d4 cxd4 4. Nxd4 a6 5. Nc3 Qc7 6. Bd3 Nf6 7. 0-0 Bc5 8. Nb3 Be7 9. f4 d6 10. Qf3 Nbd7 11. Bd2 b5 12. a4 b4 13. Na2 a5 14. Nd4 Bb7 15. Nb5 Qb8 16. Qe2 0-0 17. Rae1 Nc5 18. e5 dxe5 19. fxe5 Nfd7 20. Nc1 Ba6 21. Qh5 g6 22. Qe2 Nxa4 23. Nd4 Qb6 24. Be3 Nxb2 25. Ndb3 Qb7 26. Bh6 Nxd3 27. Nxd3 a4 28. Nd2 b3 29. Bxf8 Rxf8 30. c4 b2 31. Kh1 a3 32. Rb1 Nc5 33. Nxc5 Bxc5 34. Ne4 Be7 35. Nf6+ Bxf6 36. exf6 Qb4 37. Qe3 Rb8 38. c5 Bxf1 0-1

[Event "Reno Far West op"]
[Site "Reno"]
[Date "2007.04.07"]
[Round "3"]
[White "Naroditsky, Daniel"]
[Black "Serper, Grigory"]
[Result "0-1"]
[WhiteElo "2145"]
[BlackElo "2576"]
[PlyCount "66"]
[EventDate "2007.04.06"]
[EventType "swiss"]
[EventRounds "6"]
[EventCountry "USA"]
[SourceTitle "EXT 2009"]
[Source "ChessBase"]
[SourceDate "2008.11.26"]
[SourceVersion "1"]
[SourceVersionDate "2008.11.26"]
[SourceQuality "1"]

1. e4 c5 2. Nf3 e6 3. d4 cxd4 4. Nxd4 a6 5. Bd3 Nf6 6. 0-0 d6 7. Nc3 g6 8. Be3 Bg7 9. a4 b6 10. f4 Bb7 11. Qe2 Nbd7 12. f5 gxf5 13. exf5 e5 14. Bg5 Qe7 15. Rae1 d5 16. Nb3 e4 17. Qd2 0-0 18. Be2 Rad8 19. Nd4 Kh8 20. Kh1 Rg8 21. Bd1 Bf8 22. Nce2 Qe8 23. Ng3 Be7 24. Bf4 Rc8 25. b3 Qf8 26. Bh6 Bb4 27. Qe3 Qc5 28. Nh5 Bc3 29. Bg7+ Rxg7 30. Nxg7 Bxd4 31. Qh6 Qf8 32. c3 Bxc3 33. Re3 Bd2 0-1

[Event "Reno Far West op"]
[Site "Reno"]
[Date "2007.04.06"]
[Round "2"]
[White "Serper, Grigory"]
[Black "Sinanan, Joshua C"]
[Result "1/2-1/2"]
[WhiteElo "2576"]
[BlackElo "2111"]
[PlyCount "59"]
[EventDate "2007.04.06"]
[EventType "swiss"]
[EventRounds "6"]
[EventCountry "USA"]
[SourceTitle "EXT 2009"]
[Source "ChessBase"]
[SourceDate "2008.11.26"]
[SourceVersion "1"]
[SourceVersionDate "2008.11.26"]
[SourceQuality "1"]

1. d4 Nf6 2. c4 e6 3. Nc3 c5 4. d5 exd5 5. cxd5 d6 6. e4 g6 7. Nge2 Bg7 8. Ng3 0-0 9. Be2 Na6 10. 0-0 Re8 11. Bf4 Nc7 12. a4 h5 13. Bg5 Qd7 14. Qd2 Nh7 15. Bh4 b6 16. f4 Bh6 17. h3 Ba6 18. Rf3 Bxe2 19. Ngxe2 a6 20. Rb1 b5 21. axb5 axb5 22. b4 cxb4 23. Rxb4 Na6 24. Rxb5 Rxe4 25. Nxe4 Qxb5 26. N2c3 Qd7 27. Qa2 f5 28. Nf6+ Nxf6 29. Bxf6 Qb7 30. Qe2 1/2-1/2

[Event "USA tt"]
[Site "ICC INT"]
[Date "2006.11.01"]
[Round "10"]
[White "Stopa, Jacek"]
[Black "Serper, Grigory"]
[Result "1/2-1/2"]
[WhiteElo "2470"]
[BlackElo "2513"]
[PlyCount "71"]
[EventDate "2006.08.30"]
[EventType "team"]
[EventRounds "10"]
[EventCountry "USA"]
[SourceTitle "CBM 114 Extra"]
[Source "ChessBase"]
[SourceDate "2006.11.03"]
[SourceVersion "1"]
[SourceVersionDate "2006.11.03"]
[SourceQuality "1"]
[WhiteTeam "Dallas Destiny"]
[BlackTeam "Seattle"]
[WhiteTeamCountry "USA"]
[BlackTeamCountry "USA"]

1. d4 d5 2. Nf3 Nf6 3. c4 c6 4. e3 e6 5. Nc3 Nbd7 6. Bd3 Be7 7. 0-0 0-0 8. Qc2 b6 9. e4 dxe4 10. Nxe4 Bb7 11. Bf4 Nxe4 12. Bxe4 Nf6 13. Bd3 c5 14. dxc5 Bxf3 15. gxf3 bxc5 16. Rad1 Qb6 17. Be5 g6 18. Qc1 Nh5 19. Rfe1 Rad8 20. b3 Bf6 21. Bxf6 Nxf6 22. Qg5 Nh5 23. Be4 Rd6 24. f4 Rfd8 25. Bf3 Ng7 26. Rxd6 Rxd6 27. Re5 Nf5 28. Be4 Kg7 29. Bxf5 exf5 30. Qe7 Rd1+ 31. Re1 Rxe1+ 32. Qxe1 Qd6 33. Qc3+ f6 34. Qf3 a5 35. Kf1 Qd4 36. Kg2 1/2-1/2

[Event "Bellevue Slugfest op"]
[Site "Bellevue"]
[Date "2006.10.14"]
[Round "4"]
[White "Serper, Grigory"]
[Black "Akobian, Varuzhan"]
[Result "1-0"]
[WhiteElo "2513"]
[BlackElo "2567"]
[PlyCount "85"]
[EventDate "2006.10.13"]
[EventType "swiss"]
[EventRounds "6"]
[EventCountry "USA"]
[SourceTitle "CBM 114 Extra"]
[Source "ChessBase"]
[SourceDate "2006.11.03"]
[SourceVersion "1"]
[SourceVersionDate "2006.11.03"]
[SourceQuality "1"]

1. d4 d5 2. c4 c6 3. Nf3 Nf6 4. e3 Bf5 5. Nc3 e6 6. Nh4 Bg4 7. Qb3 Qc7 8. h3 Bh5 9. g4 Bg6 10. Nxg6 hxg6 11. Bg2 Nbd7 12. Bd2 Nb6 13. cxd5 exd5 14. 0-0-0 0-0-0 15. Kb1 Kb8 16. Bc1 Bd6 17. g5 Nh5 18. e4 dxe4 19. Bxe4 Nf4 20. h4 Rhe8 21. Rhe1 Re7 22. Bxf4 Bxf4 23. d5 cxd5 24. Nxd5 Nxd5 25. Bxd5 Rxe1 26. Rxe1 f6 27. a3 fxg5 28. hxg5 Bxg5 29. Bxb7 Bf6 30. Re4 Bd4 31. Bd5+ Bb6 32. Re6 Rd6 33. Re8+ Rd8 34. Re6 Rd6 35. Re1 Qd7 36. Bg2 Qf5+ 37. Ka2 Qxf2 38. Re8+ Kc7 39. Qc4+ Qc5 40. Qe4 Rd7 41. Re6 Rd4 42. Rc6+ Kd8 43. Rxc5 1-0

[Event "Bellevue Slugfest op"]
[Site "Bellevue"]
[Date "2006.10.13"]
[Round "2"]
[White "Shabalov, Alexander"]
[Black "Serper, Grigory"]
[Result "1/2-1/2"]
[WhiteElo "2604"]
[BlackElo "2513"]
[PlyCount "99"]
[EventDate "2006.10.13"]
[EventType "swiss"]
[EventRounds "6"]
[EventCountry "USA"]
[SourceTitle "CBM 114 Extra"]
[Source "ChessBase"]
[SourceDate "2006.11.03"]
[SourceVersion "1"]
[SourceVersionDate "2006.11.03"]
[SourceQuality "1"]

1. e4 c5 2. Na3 d6 3. c3 Nf6 4. g3 Nc6 5. Bg2 d5 6. exd5 Nxd5 7. Nf3 e6 8. 0-0 Be7 9. Nc2 0-0 10. d4 cxd4 11. Ncxd4 Nxd4 12. Nxd4 Bf6 13. Nb3 a5 14. a3 Qc7 15. Nd2 b5 16. a4 Ba6 17. axb5 Bxb5 18. Re1 Rac8 19. Qg4 Bc6 20. Ne4 Be5 21. Qe2 Ra8 22. Ng5 Bf6 23. Be4 g6 24. h4 Bg7 25. h5 h6 26. Nf3 g5 27. Bc2 Nf6 28. Ne5 Bb7 29. f4 gxf4 30. Bxf4 Qc5+ 31. Kh2 Nxh5 32. Rg1 Nf6 33. Raf1 Rad8 34. g4 Nh7 35. g5 Kh8 36. g6 Rd5 37. Re1 f6 38. gxh7 fxe5 39. Be3 Qe7 40. Qg4 e4 41. Bxe4 h5 42. Qxg7+ Qxg7 43. Rxg7 Kxg7 44. Rg1+ Kh8 45. Bxd5 Bxd5 46. c4 Bxc4 47. Bd4+ e5 48. Bxe5+ Kxh7 49. Rg7+ Kh6 50. Ra7 1/2-1/2

[Event "Western States op"]
[Site "Reno"]
[Date "2006.10.08"]
[Round "5"]
[White "Ivanov, Alexander"]
[Black "Serper, Grigory"]
[Result "1/2-1/2"]
[WhiteElo "2640"]
[BlackElo "2574"]
[PlyCount "110"]
[EventDate "2006.10.07"]
[EventType "swiss"]
[EventRounds "6"]
[EventCountry "USA"]
[SourceTitle "EXT 2009"]
[Source "ChessBase"]
[SourceDate "2008.11.26"]
[SourceVersion "1"]
[SourceVersionDate "2008.11.26"]
[SourceQuality "1"]

1. e4 c5 2. Nf3 e6 3. d4 cxd4 4. Nxd4 a6 5. Bd3 Nf6 6. 0-0 d6 7. c4 b6 8. Nc3 Bb7 9. a4 Be7 10. a5 bxa5 11. Qa4+ Nfd7 12. Be3 0-0 13. Qxa5 Qxa5 14. Rxa5 Rc8 15. Be2 Bf6 16. Ra3 Kf8 17. Rd1 Ke7 18. f3 Nc6 19. Nxc6+ Bxc6 20. b4 Bb7 21. Na4 Rc6 22. Ra2 Rc7 23. c5 dxc5 24. Nxc5 Nxc5 25. Bxc5+ Ke8 26. Bd6 Rc3 27. e5 Be7 28. Bxe7 Kxe7 29. Rd6 Rac8 30. Bxa6 Bxa6 31. Rdxa6 Re3 32. Ra7+ Ke8 33. Ra8 Rxa8 34. Rxa8+ Ke7 35. Ra7+ Ke8 36. b5 Rb3 37. Rb7 g5 38. h4 gxh4 39. Kh2 Kf8 40. Kh3 Rb4 41. b6 Kg7 42. Rb8 h6 43. b7 Kh7 44. f4 Kg7 45. Kg4 Kh7 46. Kf3 Kg7 47. Ke3 Kh7 48. Kd3 Kg7 49. Kc3 Rb1 50. Kc4 Rb2 51. Kc5 Rb1 52. Kc6 Rc1+ 53. Kd6 Rd1+ 54. Ke7 Rb1 55. Ke8 Rb2 1/2-1/2

[Event "Western States op"]
[Site "Reno"]
[Date "2006.10.06"]
[Round "2"]
[White "Serper, Grigory"]
[Black "Kretchetov, Alexandre"]
[Result "1/2-1/2"]
[WhiteElo "2574"]
[BlackElo "2331"]
[PlyCount "43"]
[EventDate "2006.10.07"]
[EventType "swiss"]
[EventRounds "6"]
[EventCountry "USA"]
[SourceTitle "EXT 2009"]
[Source "ChessBase"]
[SourceDate "2008.11.26"]
[SourceVersion "1"]
[SourceVersionDate "2008.11.26"]
[SourceQuality "1"]

1. d4 d5 2. c4 c6 3. Nf3 Nf6 4. Nc3 a6 5. a4 e6 6. Bg5 Be7 7. a5 0-0 8. c5 Nbd7 9. Bf4 Nh5 10. e3 f6 11. Bg3 g6 12. b4 e5 13. Qb3 Kh8 14. Be2 Qe8 15. 0-0-0 e4 16. Nd2 Nxg3 17. hxg3 f5 18. Rh2 Nf6 19. Rdh1 h5 20. f3 Kg7 21. Nd1 Bd8 22. Nf2 1/2-1/2

[Event "USA tt"]
[Site "ICC INT"]
[Date "2006.09.20"]
[Round "4"]
[White "Serper, Grigory"]
[Black "Burnett, Ronald"]
[Result "1-0"]
[WhiteElo "2513"]
[BlackElo "2399"]
[PlyCount "101"]
[EventDate "2006.08.30"]
[EventType "team"]
[EventRounds "10"]
[EventCountry "USA"]
[SourceTitle "CBM 114 Extra"]
[Source "ChessBase"]
[SourceDate "2006.11.03"]
[SourceVersion "1"]
[SourceVersionDate "2006.11.03"]
[SourceQuality "1"]
[WhiteTeam "Seattle"]
[BlackTeam "Tennessee Tempo"]
[WhiteTeamCountry "USA"]
[BlackTeamCountry "USA"]

1. Nf3 g6 2. e4 Bg7 3. d4 d6 4. Bc4 Nc6 5. 0-0 Nf6 6. d5 Nb8 7. e5 dxe5 8. Nxe5 0-0 9. Nc3 Nbd7 10. Nxd7 Bxd7 11. Bg5 c6 12. d6 exd6 13. Qxd6 Bf5 14. Qf4 Nh5 15. Qxf5 gxf5 16. Bxd8 Raxd8 17. Rfd1 Bxc3 18. bxc3 Kg7 19. Kf1 Rfe8 20. Rd3 Rxd3 21. cxd3 b5 22. Bb3 Nf4 23. d4 Kf6 24. a4 b4 25. cxb4 Rb8 26. Rc1 Rxb4 27. Rxc6+ Ke7 28. Rc3 Kd6 29. a5 Rxd4 30. g3 Ne6 31. Rc8 Rb4 32. Bxe6 fxe6 33. Ra8 Rb7 34. h4 Kc6 35. h5 Kb5 36. Re8 Kxa5 37. Rxe6 Kb4 38. Ra6 Rf7 39. Ke2 Kb5 40. Ra1 a5 41. Kd3 a4 42. Kc3 Rc7+ 43. Kd4 Re7 44. Rb1+ Ka5 45. Rb8 Re2 46. f3 a3 47. Kc4 Rc2+ 48. Kd3 Rb2 49. Rxb2 axb2 50. Kc2 Kb5 51. g4 1-0

[Event "USA tt"]
[Site "ICC INT"]
[Date "2006.08.30"]
[Round "1"]
[White "Burnett, Ronald"]
[Black "Serper, Grigory"]
[Result "0-1"]
[WhiteElo "2399"]
[BlackElo "2513"]
[PlyCount "98"]
[EventDate "2006.08.30"]
[EventType "team"]
[EventRounds "10"]
[EventCountry "USA"]
[SourceTitle "CBM 114 Extra"]
[Source "ChessBase"]
[SourceDate "2006.11.03"]
[SourceVersion "1"]
[SourceVersionDate "2006.11.03"]
[SourceQuality "1"]
[WhiteTeam "Tennessee Tempo"]
[BlackTeam "Seattle"]
[WhiteTeamCountry "USA"]
[BlackTeamCountry "USA"]

1. e4 c5 2. Nf3 d6 3. d4 cxd4 4. Nxd4 Nf6 5. Nc3 Nc6 6. Bg5 e6 7. Qd2 h6 8. Bxf6 gxf6 9. 0-0-0 a6 10. f4 Qb6 11. Nb3 Bd7 12. Be2 h5 13. Rhf1 0-0-0 14. Kb1 Kb8 15. f5 Be7 16. Nd4 Nxd4 17. Qxd4 Qxd4 18. Rxd4 Rdg8 19. Bf3 h4 20. h3 Rc8 21. Nd1 d5 22. exd5 e5 23. Rd2 Bb4 24. c3 Bxf5+ 25. Kc1 Bc5 26. Bg4 Bxg4 27. hxg4 Rcg8 28. Rxf6 Be7 29. Rxf7 Bg5 30. Nf2 Rf8 31. Rxf8+ Rxf8 32. Nh3 Rf1+ 33. Kc2 Bxd2 34. Kxd2 Rb1 35. Ke3 Rxb2 36. Nf2 Rxa2 37. g5 Rc2 38. g6 Rxc3+ 39. Ke4 a5 40. Kf5 a4 41. d6 Rc8 42. Nd3 a3 43. Nb4 Rg8 44. Kf6 e4 45. Kf7 Rxg6 46. Kxg6 Kc8 47. Kf5 e3 48. Ke6 e2 49. Nd3 Kd8 0-1

[Event "Western States op"]
[Site "Reno"]
[Date "2005.10.15"]
[Round "3"]
[White "Serper, Grigory"]
[Black "Ishkanov, Tigran"]
[Result "1/2-1/2"]
[WhiteElo "2578"]
[BlackElo "2387"]
[PlyCount "59"]
[EventDate "2005.10.14"]
[EventType "swiss"]
[EventRounds "6"]
[EventCountry "USA"]
[SourceTitle "EXT 2009"]
[Source "ChessBase"]
[SourceDate "2008.11.26"]
[SourceVersion "1"]
[SourceVersionDate "2008.11.26"]
[SourceQuality "1"]

1. d4 d5 2. c4 c6 3. Nf3 Nf6 4. e3 a6 5. Bd3 Bg4 6. 0-0 e6 7. Nbd2 Nbd7 8. b3 Bd6 9. Bb2 0-0 10. Qc2 Qc7 11. c5 Be7 12. b4 Bxf3 13. Nxf3 g6 14. Rfe1 Nh5 15. a4 Bf6 16. b5 e5 17. dxe5 Nxe5 18. Nxe5 Bxe5 19. Bxe5 Qxe5 20. bxa6 bxa6 21. a5 Nf6 22. h3 Nd7 23. Rec1 Rfb8 24. Rab1 d4 25. exd4 Qxd4 26. Be4 Rxb1 27. Rxb1 Qxc5 28. Qxc5 Nxc5 29. Bxc6 Rd8 30. Bf3 1/2-1/2